LDR 00642naa#a2200193#i#450# 001 EN\\bibl\123070 005 20260514001221.4 011 ## _a3034-4689 100 ## _a20260508b2026####ek#y0engy0150####ca 102 ## _aRU 200 1# _aFREE FORMALDEHYDE EMISSIONS AS AN INDICATOR OF STRUCTURE FORMATION OF LIGNOCELLULOSE PLASTICS WITHOUT SYNTHETIC RESINS _eJournal article 210 1# _aKazan _cKazan National Research Technological University _d2026 215 ## _a6 с. 608 ## _aJournal article _2local 700 #1 _aArtemov _gArtem Vyacheslavovich 700 #1 _aShkuro _gAleksey Evgen'evich 700 #1 _aYakubova _gT. V. 700 #1 _a _g 856 4# _avestniktu.ru _u